000 01691cam a22004814i 4500
003 PE-LiUPU
005 20250731173336.0
008 150706s2006 wau rb 000 0 eng d
020 _a9780813201122
035 _a(Sirsi) i9780813201122
040 _aPE-LiUPU
_bspa
_cPE-LiUPU
_erda
049 _aPRUA
082 0 4 _a228.077
_bO
_221
245 0 1 _aOecumenius :
_bcommentary on the apocalypse /
_ctraducido por John N. Suggit.
264 1 _aWashington, D.C :
_bCatholic University of America Press,
_c2006.
300 _a216 páginas ;
_c22 centímetros.
336 _atext
_2rdacontent
337 _aunmediated
_2rdamedia
338 _avolume
_2rdacarrier
490 1 _aFathers of the Church ;
_v112
504 _aIncluye bibliografía.
505 0 _aCommentary on the Apocalypse -- Chapter one - Chapter Twelve.
526 _aSEG42
526 _aSEG41
526 _aSEG40
526 _aSEG39
526 _aP94
526 _aP87
526 _aP86
526 _aP85
526 _aP77
526 _aP76
526 _aP35
541 _g104-3776787-4588217;
630 _aBiblia.
_pN.T.
_pApocalipsis
_xComentarios.
700 1 _aSuggit, John N.,
_etraductor.
910 _agl20090810
942 _2ddc
_cBOOK
949 _a228.077 O
_wDEWEY
_c1
_i59791
_lCCODEBUL1
_mBUL
_p35.00
_r0
_sY
_tBOOK
_u2015-7-6
_xTEOLOGIA
_PP85
_0COMPRA
_o.STAFF. Colección Teología
994 _aC0
_bPEPRU
596 _a1
999 _a228.077 O
_wDEWEY
_c49323
_i59791
_e2017-5-28
_f2021-11-9
_g5
_lCCODEBUL1
_mBUL
_n1
_p35.00
_r0
_sY
_tBOOK
_u2015-7-6
_xTEOLOGIA
_PP85
_0COMPRA
_o.STAFF. Colección Teología
_d49323
980 _81
_gALBERTO SANCHEZ Responsable de Automatización